Catálogo
 En Linea

Discípulos misioneros en le mundo de la salud. : (Registro nro. 47158)

Detalles MARC
000 -CABECERA
campo de control de longitud fija 00577nam a2200169 a 4500
001 - NÚMERO DE CONTROL
campo de control 000047670
005 - FECHA Y HORA DE LA ÚLTIMA TRANSACCIÓN
campo de control 20201002060652.0
008 - DATOS DE LONGITUD FIJA--INFORMACIÓN GENERAL
campo de control de longitud fija 090702s2013 dr r 000 0 spa d
020 ## - NÚMERO INTERNACIONAL ESTÁNDAR DEL LIBRO
Número Internacional Estándar del Libro 9789945471632
040 ## - FUENTE DE LA CATALOGACIÓN
Centro catalogador/agencia de origen DO-SdBNP
Lengua de catalogación spa
Centro/agencia transcriptor BNPHU
082 ## - NÚMERO DE LA CLASIFICACIÓN DECIMAL DEWEY
Número de clasificación xxxx
Número de documento/Ítem D611m
245 00 - MENCIÓN DE TÍTULO
Título Discípulos misioneros en le mundo de la salud. :
Resto del título guía para la pastoral de la salud en América Latina y el Caribe.
260 ## - PUBLICACIÓN, DISTRIBUCIÓN, ETC.
Lugar de publicación, distribución, etc. Santo Domingo :
Nombre del editor, distribuidor, etc. Consejo Episcopal Latinoamericano,
Fecha de publicación, distribución, etc. 2013.
300 ## - DESCRIPCIÓN FÍSICA
Extensión 119 p. ;
Dimensiones 22 cm.
504 ## - NOTA DE BIBLIOGRAFÍA, ETC.
Nota de bibliografía, etc. Bibliografía : p. 115-118
590 ## - NOTA LOCAL (RLIN)
Nota local Inventariado, 2020/BT
Existencias
Estado de retiro Estado de pérdida No para préstamo Código de colección Localización permanente Ubicación/localización actual Ubicación en estantería Fecha de adquisición Número de inventario Total de préstamos Signatura topográfica completa Código de barras Fecha visto por última vez Precio válido a partir de Tipo de ítem Koha
    Excluido de préstamo Patrimonio Dominicano Patrimonio Dominicano Patrimonio Dominicano Depósito 16.07.2018 LF1   xxxx D611m 47670-10 25.06.2020 25.06.2020 Libro y Folleto Colección Patrimonio Dominicano

Con tecnología Koha